ბათუმის შოთა რუსთაველის სახელმწიფო უნივერსიტეტის ბიბლიოთეკა

გემ "სირიუსზე" მოგზაურობიდან : (ბიბ.ჩანაწერი № 59881)

000 -ლიდერი
ფიქსირებული სიგრძის საკონტროლო ველი 01883nam a22002177a 4500
003 - საკონტროლო ნომრის იდენტიფიკატორი
საკონტროლო ველი Ge_BSU
005 - ბოლო ოპერაციის თარიღი და დრო
საკონტროლო ველი 20230504155629.0
008 - ფიქსირებული სიგრძის მონაცემთა ელემენტები - ზოგადი ინფორმაცია
ფიქსირებული სიგრძის საკონტროლო ველი 230504s2017 ge ||||| |||| 00| 0 geo d
020 ## - წიგნის საერთაშორისო სტანდარტული ნომერი
International Standard Book Number 9789941253829
041 ## - ენის კოდი
Language code of text/sound track or separate title geo
080 ## - უნივერსალური ათობითი კლასიფიკაციის ინდექსი
Universal Decimal Classification number 94(479.22)(093)"19"+ 821.353.1-94 ს-56
100 ## - მთავარი ჩანაწერი - პიროვნების სახელი
Personal name სიხარულიძე, გიორგი
9 (RLIN) 17960
245 ## - ცნობა სათაურის შესახებ
Title გემ "სირიუსზე" მოგზაურობიდან :
Remainder of title მოგონებანი (1908 წელი) /
Statement of responsibility, etc გამოსაცემად მოამზადა, კვლევითი წინასიტყვაობა და კომენტარები დაურთო დიმიტრი შველიძემ ; რედაქტორი თენგიზ სიმაშვილი ; ივანე ჯავახიშვილის სახ. თბილისის სახელმწ. უნ-ტი, ჰუმანიტარულ მეცნიერებათა ფაკ-ტი, საქართველოს ისტორიის ინ-ტი.
264 ## - წარმოების, გამოცემის, დისტრიბუციის და სხვა ცნობები
გამოცემის, წარმოების, დისტრიბუციის... ადგილი თბილისი :
გამოცემის, წარმოების, დისტრიბუციის... სახელწოდება მერიდიანი,
გამოცემის, წარმოების, დისტრიბუციის... თარიღი 2017.
300 ## - ფიზიკური აღწერა
Extent 86 გვ. ;
Other physical details 20 სმ.
500 ## - ზოგადი შენიშვნა
General note შენიშვნები და კომენტარები: გვ. 81-84.
653 ## - INDEX TERM--UNCONTROLLED
Uncontrolled term საქართველოს ისტორიის წყაროები.
700 ## - ADDED ENTRY--PERSONAL NAME
Personal name შველიძე, დიმიტრი
Relator term წინასიტყვაობის ავტორი
9 (RLIN) 17961
700 ## - ADDED ENTRY--PERSONAL NAME
Personal name ივანე ჯავახიშვილის სახ. თბილისის სახელმწ. უნ-ტი.
Relator term ჰუმანიტარულ მეცნიერებათა ფაკ-ტი. საქართველოს ისტორიის ინ-ტი.
9 (RLIN) 17962
942 ## - ADDED ENTRY ELEMENTS (KOHA)
Source of classification or shelving scheme
Koha item type წიგნი
ეგზემპლარები
ჩამოწერის სტატუსი დაკარგული ეგზემპლარის სტატუსი კლასიფიკაციის წყარო ან თაროზე გაწყობის სქემა დაზიანების სტატუსი არ გაიცემა მუდმივი მდებარეობა (დაცვის ადგილი) ამჟამინდელი ადგილსამყოფელი თაროზე განთავსების ადგილი შეძენის თარიღი ღირებულება, შესყიდვის ნორმალური ფასი სრული შენახვის შიფრი შტრიხკოდი ბოლო ოპერაციის თარიღი ეგზემპლარის მიმდევრობითი ნომერი (კეტერი?) Uniform Resource Identifier ფასის ძალაში შესვლის თარიღი ეგზემპლარის სახეობა საჯარო შენიშვნა
          ბათუმის შოთა რუსთაველის სახელმწიფო უნივერსიტეტის მთავარი ბიბლიოთეკა ბათუმის შოთა რუსთაველის სახელმწიფო უნივერსიტეტის მთავარი ბიბლიოთეკა წიგნსაცავი 2023-05-04 4.00 94(479.22)(093) 64346 2023-05-04 64346 ბსუ-ს საპატიო დოქტორის გურამ ლორთქიფანიძის საჩუქარი 2023-05-04 წიგნი 4 ლ.